| 000 | 00346nam a22001457a 4500 | ||
|---|---|---|---|
| 003 | SGT | ||
| 020 | _a9789351452256 | ||
| 082 |
_a347.05 _bTAK |
||
| 100 | _aTAKWANI , C.K | ||
| 245 | _aCIVIL PROCEDURE LIMITATION AND COMMERCIAL COURTS | ||
| 250 | _a9 | ||
| 260 |
_aLUCKNOW _bEASTERN BOOKS _c2022 |
||
| 300 | _aCLVIII , 889 | ||
| 942 |
_2ddc _cBK _023 |
||
| 999 |
_c22400 _d22400 |
||